| 000 | 00502nam a22001697a 4500 | ||
|---|---|---|---|
| 005 | 20251108164019.0 | ||
| 008 | 250721s1992 xx 000 0 ara d | ||
| 082 | 1 | 4 | _a723.3/صيد |
| 100 | 1 | _aصيداوي، حيان | |
| 245 | 1 | 0 | _aالإسلام و فئوية تطور العمارة العربية / |
| 264 | 1 |
_aبيروت : _bقابس، _c1992. |
|
| 300 | _a237ص | ||
| 650 | 1 | 7 | _aالعمارة الإسلامية |
| 650 | 1 | 7 | _aالفنون الزخرفية |
| 942 |
_2ddc _cBK |
||
| 999 |
_c1445 _d1445 |
||